Dead in the Freezer / (Record no. 4810)

MARC details
000 -LEADER
fixed length control field 01326nam a22003017a 4500
001 - CONTROL NUMBER
control field 4810
003 - CONTROL NUMBER IDENTIFIER
control field FISKH
005 - DATE AND TIME OF LATEST TRANSACTION
control field 20241016110703.0
008 - FIXED-LENGTH DATA ELEMENTS--GENERAL INFORMATION
fixed length control field 241016b cb ||||| |||| 00| 0 eng d
020 ## - INTERNATIONAL STANDARD BOOK NUMBER
International Standard Book Number 9780194790567
040 ## - CATALOGING SOURCE
Original cataloging agency FISKH
Language of cataloging eng
Transcribing agency FISKH
Modifying agency FISKH
050 ## - LIBRARY OF CONGRESS CALL NUMBER
Classification number PE1126.A4
082 ## - DEWEY DECIMAL CLASSIFICATION NUMBER
Classification number 428
100 ## - MAIN ENTRY--PERSONAL NAME
Personal name Vicary, Tim
245 ## - TITLE STATEMENT
Title Dead in the Freezer /
Statement of responsibility, etc. by Tim Vicary
250 ## - EDITION STATEMENT
Edition statement First published in Oxford Bookworms 1997
260 ## - PUBLICATION, DISTRIBUTION, ETC.
Place of publication, distribution, etc. New York :
Name of publisher, distributor, etc. Oxford University Press ;
Date of publication, distribution, etc. 2008 .
300 ## - PHYSICAL DESCRIPTION
Extent 56 pages :
Other physical details illustrations ;
Dimensions 21 cm .
490 ## - SERIES STATEMENT
Series statement Oxford Bookworms
Volume/sequential designation 2
505 ## - FORMATTED CONTENTS NOTE
Formatted contents note J <br/>
520 ## - SUMMARY, ETC.
Summary, etc. "Ellen Shore's family is an ordinary American family, and Ellen is six years old when her brother Al is born. Her parents are very pleased to have a son, but Ellen is not pleased, because now baby Al comes first. And when they are adults, Al still comes first. He begins a rock band and makes records. Soon he is rich and famous - very rich, but he gives nothing to his sister Ellen. She has a difficult life, with three young kids and very little money. And she learns to hate her rich, famous, unkind brother ...
521 8# - TARGET AUDIENCE NOTE
Target audience note 480 <br/>
Source Lexile <br/>
521 8# - TARGET AUDIENCE NOTE
Target audience note J <br/>
Source Raz-Plus <br/>
650 ## - SUBJECT ADDED ENTRY--TOPICAL TERM
Topical term or geographic name entry element crime
Form subdivision mystery
700 ## - ADDED ENTRY--PERSONAL NAME
Personal name Dickison, Paul
Relator term illustrator
942 ## - ADDED ENTRY ELEMENTS (KOHA)
Source of classification or shelving scheme Dewey Decimal Classification
Koha item type Books
Suppress in OPAC No
Holdings
Withdrawn status Lost status Source of classification or shelving scheme Damaged status Not for loan Collection Home library Current library Shelving location Date acquired Total Checkouts Full call number Barcode Date last seen Price effective from Koha item type
    Dewey Decimal Classification     Fiction Footprints International School Library Network Toul Kork Campus Footprints International School Library Network Toul Kork Campus TTP Primary Dark Blue Bookshelves 10/16/2024   VIC 428 PE1126.A4 FIS00258 10/16/2024 10/16/2024 Books